000 00475nam a2200169Ia 4500
003 GCL
008 140319s9999 xx 000 0 aFre d
040 _aGCL /
_cGCL
082 0 4 _aCC
_b916.621
_bG L
100 1 _aGALILA EL KADI
245 1 0 _aL'URBANISATION SPONTNEE AU CAIRE /
_cGALILA EL KADI
260 _aفرنسا :
_bINSTITUT FRANCAIS DE RECHERCHE SCIENT ،
_c1987
300 _a32 CM ؛
_c376 P
650 0 4 _aCAIRO
650 0 4 _aEGYPT - HISTORY
942 _2ddc
_cBK
999 _c19542
_d19542